| 000 | 00494cam a2200181 4500 | ||
|---|---|---|---|
| 001 | D12428 | ||
| 008 | 090401t1899 xxu||||| |||| 00| 0 eng d | ||
| 035 | _a(Sirsi) u3444 | ||
| 041 | _aeng | ||
| 100 | _aClode, Walter | ||
| 245 | 4 | _aThe law relating to the assessment and valuation of railways and stations for rating purposes | |
| 260 |
_aLondon _bEyre & Spottiswoode _c1899 |
||
| 350 | _a0 | ||
| 520 | _aShelf 177 | ||
| 700 | _aCripps-Day, Francis H | ||
| 942 | _n0 | ||
| 948 | _c04/03/1997 | ||
| 999 |
_c85880 _d85880 |
||